| 000 | 00482nam a2200181Ia 4500 | ||
|---|---|---|---|
| 008 | 230711s9999||||xx |||||||||||||| ||und|| | ||
| 020 | _a978-1-138-62864-9 | ||
| 041 | _aENG | ||
| 082 |
_a808.06'672 _bBO-T |
||
| 100 | _aBordenm,Lain | ||
| 245 | 4 | _aThe dissertation : A guide for Architecture students | |
| 250 | _a3rd Ed. | ||
| 260 |
_c2014 _aLondon _bRoutledge Taylor & Franic Group |
||
| 300 | _a258p. | ||
| 650 | _aArchitecture | ||
| 700 | _aRay,Katerina Ruedi | ||
| 942 | _cBK | ||
| 999 |
_c6060 _d6060 |
||